<?xml version="1.0" encoding="UTF-8"?>
<record
    xmlns:xsi="http://www.w3.org/2001/XMLSchema-instance"
    xsi:schemaLocation="http://www.loc.gov/MARC21/slim http://www.loc.gov/standards/marcxml/schema/MARC21slim.xsd"
    xmlns="http://www.loc.gov/MARC21/slim">

  <leader>02120nam a22002777a 4500</leader>
  <controlfield tag="005">20240305165608.0</controlfield>
  <controlfield tag="007">cr||||   |||| </controlfield>
  <controlfield tag="008">210618s2018    co |||||s|||| 00||0 spa d</controlfield>
  <datafield tag="020" ind1=" " ind2=" ">
    <subfield code="a">978-958-762-912-5</subfield>
  </datafield>
  <datafield tag="035" ind1=" " ind2=" ">
    <subfield code="a">33437</subfield>
  </datafield>
  <datafield tag="040" ind1=" " ind2=" ">
    <subfield code="a">vLex</subfield>
  </datafield>
  <datafield tag="090" ind1=" " ind2=" ">
    <subfield code="c">11819</subfield>
    <subfield code="d">11819</subfield>
  </datafield>
  <datafield tag="100" ind1="1" ind2=" ">
    <subfield code="a">Garc&#xED;a Le&#xF3;n, Francisco V.</subfield>
  </datafield>
  <datafield tag="245" ind1="1" ind2="0">
    <subfield code="a">Aprender a aprender</subfield>
    <subfield code="h">[Recurso electr&#xF3;nico] :</subfield>
    <subfield code="b">H&#xE1;bitos, m&#xE9;todos, estrategias y t&#xE9;cnicas de estudio: gu&#xED;a para el aprendizaje significativo /</subfield>
    <subfield code="c">Francisco V. Garc&#xED;a Le&#xF3;n, J&#xE9;ssica E. Mendoza Montoya, Narciso Fern&#xE1;ndez Saucedo</subfield>
  </datafield>
  <datafield tag="256" ind1=" " ind2=" ">
    <subfield code="a">Servicio en l&#xED;nea</subfield>
  </datafield>
  <datafield tag="260" ind1=" " ind2=" ">
    <subfield code="a">Bogot&#xE1;:</subfield>
    <subfield code="b">Ediciones de la U,</subfield>
    <subfield code="c">2018</subfield>
  </datafield>
  <datafield tag="300" ind1=" " ind2=" ">
    <subfield code="a">1 recurso electr&#xF3;nico</subfield>
  </datafield>
  <datafield tag="500" ind1=" " ind2=" ">
    <subfield code="a">En la sociedad del conocimiento y de las tecnolog&#xED;as de la informaci&#xF3;n, el docente que act&#xFA;a sin conocer ni aplicar los principios neuropsicopedag&#xF3;gicos de la ense&#xF1;anza-aprendizaje camina por la oscuridad pedag&#xF3;gica. Igual sucede con el estudiante que no desarrolla la capacidad ni la competencia para aprender a aprender; sin embargo, docentes y estudiantes pueden ver la luz de la sabidur&#xED;a combinando conocimiento y pr&#xE1;ctica, adem&#xE1;s de formar h&#xE1;bitos de estudio desde bases cerebrales con la inclusi&#xF3;n de m&#xE9;todos, estrategias y t&#xE9;cnicas adecuados, que permitan el ahorro de tiempo y esfuerzo, condici&#xF3;n necesaria para que el estudiante alcance el desarrollo personal y social con &#xE9;xito, mediante la planificaci&#xF3;n previa al desarrollo de sus actividades acad&#xE9;micas.</subfield>
  </datafield>
  <datafield tag="506" ind1="1" ind2=" ">
    <subfield code="a">Disponible solo en los productos indicados</subfield>
    <subfield code="d">vLex Global</subfield>
    <subfield code="d">vLex Global (Academic Edition, excluding Law Schools)</subfield>
    <subfield code="d">vLex Global (U.S. Academic Edition, Law Schools)</subfield>
    <subfield code="d">vLex Global (U.S. Academic Edition, excluding Law Schools)</subfield>
    <subfield code="d">vLex Global (Academic Edition, Law Schools)</subfield>
  </datafield>
  <datafield tag="650" ind1="0" ind2="4">
    <subfield code="a">Educaci&#xF3;n</subfield>
    <subfield code="z">Colombia</subfield>
  </datafield>
  <datafield tag="700" ind1="1" ind2=" ">
    <subfield code="a">Mendoza Montoya, J&#xE9;ssica E.</subfield>
  </datafield>
  <datafield tag="700" ind1="1" ind2=" ">
    <subfield code="a">Fern&#xE1;ndez Saucedo, Narciso</subfield>
  </datafield>
  <datafield tag="740" ind1="0" ind2=" ">
    <subfield code="a">vLex Libros (Servicio en l&#xED;nea)</subfield>
  </datafield>
  <datafield tag="856" ind1="4" ind2="0">
    <subfield code="u">https://vlex.com/source/aprender-a-aprender-habitos-metodos-estrategias-y-tecnicas-de-estudio-guia-para-el-aprendizaje-significativo-33437</subfield>
  </datafield>
  <datafield tag="942" ind1=" " ind2=" ">
    <subfield code="c">RAA</subfield>
  </datafield>
  <datafield tag="952" ind1=" " ind2=" ">
    <subfield code="0">0</subfield>
    <subfield code="1">0</subfield>
    <subfield code="4">0</subfield>
    <subfield code="7">0</subfield>
    <subfield code="8">VLEX</subfield>
    <subfield code="9">328008</subfield>
    <subfield code="a">BD-UIN</subfield>
    <subfield code="b">BD-UIN</subfield>
    <subfield code="d">2024-03-05</subfield>
    <subfield code="l">0</subfield>
    <subfield code="p">33437</subfield>
    <subfield code="r">2024-03-05</subfield>
    <subfield code="w">2024-03-05</subfield>
    <subfield code="y">RAA</subfield>
  </datafield>
  <datafield tag="999" ind1=" " ind2=" ">
    <subfield code="c">170055</subfield>
    <subfield code="d">170055</subfield>
  </datafield>
</record>
